000 00610nam a2200145 a 4500
008 120416s1957 ||||||||||||||||| || u
050 _aTN 260 Kry
100 _aKrynine, Dimitri Pavlovitch
245 1 0 _aPrinciples of engineering geology and geotechnics
246 _ageology, soil and rock mechanics, and other earth sciences as used in civil engineering
260 _aNew York
_bMcGraw-Hill
_c1957
300 _axiii, 730p. : ill
350 _a0.00
995 _D0.00
_FCBU-MAIN LIBRARY (Kitwe)
_H1
_I0.00
_UDAMAGED
_WJun 4, 2009
_ZMain Library Open Access Collection
999 _c54564
_d54564